A magyar közoktatási rendszer kialakulásának története

Elmentve itt :
Bibliográfiai részletek
Szerző: Abonyiné Kiss Ágnes
További közreműködők: nincs megadva (Témavezető)
Dokumentumtípus: Szakdolgozat
Megjelent: 2003
Tárgyszavak:
Online Access:http://diploma.bibl.u-szeged.hu/118830
LEADER 00690nta a2200181 i 4500
001 dipl118830
005 20220826143337.0
008 210927s2003 hu om 0|| hun d
040 |a SZTE Diploma Repozitórium  |b hun 
041 |a hun 
100 2 |a Abonyiné Kiss Ágnes 
245 1 2 |a A magyar közoktatási rendszer kialakulásának története  |h [elektronikus dokumentum] /  |c Ágnes Abonyiné Kiss 
260 |c 2003 
650 4 |a Pedagógusképzés 
650 4 |a Educational sciences 
650 4 |a Education, general (including training, pedagogy, didactics) 
700 1 |a nincs megadva  |e ths 
856 4 0 |u https://diploma.bibl.u-szeged.hu/id/eprint/118830/1/2003_abonyine_kiss_agnes.pdf  |z Dokumentum-elérés